Chemical engineering kinetics (Record no. 6589)

000 -LEADER
fixed length control field 00510nam a2200193 4500
001 - CONTROL NUMBER
control field 6589
003 - CONTROL NUMBER IDENTIFIER
control field BD-DhUET
008 - FIXED-LENGTH DATA ELEMENTS--GENERAL INFORMATION
fixed length control field 700825s1970 nyua b 001 0 eng
040 ## - CATALOGING SOURCE
Transcribing agency 0
Modifying agency BD-DhUET
Original cataloging agency DLC
082 00 - DEWEY DECIMAL CLASSIFICATION NUMBER
Classification number 541.39
Item number SMI/1970
100 ## - MAIN ENTRY--PERSONAL NAME
Personal name Smith, J. M.
245 10 - TITLE STATEMENT
Title Chemical engineering kinetics
250 ## - EDITION STATEMENT
Edition statement 2nd ed.
260 ## - PUBLICATION, DISTRIBUTION, ETC. (IMPRINT)
Place of publication, distribution, etc. New York
Name of publisher, distributor, etc. McGraw-Hill
Date of publication, distribution, etc. 1970
300 ## - PHYSICAL DESCRIPTION
Extent xviii, 612p.
Other physical details ill.
490 0# - SERIES STATEMENT
Series statement McGraw-Hill chemical engineering series
650 #0 - SUBJECT ADDED ENTRY--TOPICAL TERM
Topical term or geographic name as entry element Kinetics : Physical chemistry
942 ## - ADDED ENTRY ELEMENTS (KOHA)
Koha item type General Book
Holdings
Shelving location Copy number Not for loan Koha item type Location (home branch) Koha full call number Damaged status Date acquired Source of classification or shelving scheme Lost status Koha normalized classification for sorting Piece designation (barcode) Price effective from Koha date last seen Sublocation or collection (holding branch) Withdrawn status
Circulation section1 General BookCentral Library, BUET541.39/SMI/1970 2014-12-04  541_390000000000000_SMI_1970845762014-12-042014-12-04Central Library, BUET 
Circulation section2 General BookCentral Library, BUET541.39/SMI/1970 2014-12-12  541_390000000000000_SMI_1970298652014-12-122014-12-12Central Library, BUET 
Circulation section3 General BookCentral Library, BUET541.39/SMI/1970 2014-12-12  541_390000000000000_SMI_1970298672014-12-122014-12-12Central Library, BUET 
Circulation section4 General BookCentral Library, BUET541.39/SMI/1970 2014-12-12  541_390000000000000_SMI_1970298632014-12-122014-12-12Central Library, BUET 
Circulation section5 General BookCentral Library, BUET541.39/SMI/1970 2015-03-11  541_390000000000000_SMI_1970298712015-03-112015-03-11Central Library, BUET 
Circulation section6 General BookCentral Library, BUET541.39/SMI/1970 2015-03-14  541_390000000000000_SMI_1970298682015-03-142015-03-14Central Library, BUET 
Circulation section7 General BookCentral Library, BUET541.39/SMI/1970 2015-03-14  541_390000000000000_SMI_1970370452015-03-142015-03-14Central Library, BUET 
Circulation section8 General BookCentral Library, BUET541.39/SMI/1970 2015-04-23  541_390000000000000_SMI_1970298692015-04-232015-04-23Central Library, BUET 
Circulation section9 General BookCentral Library, BUET541.39/SMI/1970 2015-04-23  541_390000000000000_SMI_1970298592015-04-232015-04-23Central Library, BUET 
Circulation section10 General BookCentral Library, BUET541.39/SMI/1970 2015-04-26  541_390000000000000_SMI_1970298702015-04-262015-04-26Central Library, BUET 
Circulation section11 General BookCentral Library, BUET541.39/SMI/1970 2015-04-26  541_390000000000000_SMI_1970298612015-04-262015-04-26Central Library, BUET 
Circulation section12 General BookCentral Library, BUET541.39/SMI/1970 2015-04-27  541_390000000000000_SMI_1970259672015-04-272015-04-27Central Library, BUET 
Circulation section13 General BookCentral Library, BUET541.39/SMI/1970 2015-04-27  541_390000000000000_SMI_1970298602015-04-272015-04-27Central Library, BUET 
Reading section14 Reading ItemCentral Library, BUET541.39/SMI/1970 2015-06-08  541_390000000000000_SMI_1970298622015-06-082015-06-08Central Library, BUET 
Reading section15 Reading ItemCentral Library, BUET541.39/SMI/1970 2015-06-08  541_390000000000000_SMI_1970298662015-06-082015-06-08Central Library, BUET 
Reading section16 Reading ItemCentral Library, BUET541.39/SMI/1970 2015-06-08  541_390000000000000_SMI_1970298722015-06-082015-06-08Central Library, BUET 
Reading section17 Reading ItemCentral Library, BUET541.39/SMI/1970 2015-06-08  541_390000000000000_SMI_1970298642015-06-082015-06-08Central Library, BUET